000 00616nam a2200241Ia 4500
003 OSt
005 20221005132314.0
006 a|||||r|||| 00| 0
007 ta
008 221004b |||||||| |||| 00| 0 mal d
024 _a55702
037 _cTextual
040 _aCRL
_cCRL
_bmal
041 _2mal
_amal
082 _aO32,2NRAx, J8
100 _aRaja C.K. Au.
_9640884
245 0 _aThirichuvaravu
260 _c1958
650 _a MALAYALAM LITERATURE
_938866
650 _aMALAYALAM DRAMA
_9207189
942 _hO32,2NRAx, J8
_cTEXL
_2cc
999 _c1063198
_d1063198